| 000 | 00995nam a2200301 i 4500 | ||
|---|---|---|---|
| 003 | EG-GICUC | ||
| 005 | 20260508173617.0 | ||
| 008 | 260418s1985 |||||||fr|||| 00| 0 eng d | ||
| 040 |
_aEG-GiCUC _beng _cEG-GiCUC _dEG-GiCUC _erda |
||
| 041 | 0 | _aeng | |
| 082 | 0 | 4 |
_221 _a343.741 _bIN . I |
| 092 | 0 | 4 | _221 |
| 099 | _aLaw1 10 343.741 IN . I 1985 | ||
| 100 | 1 |
_aInciardi, James A. _eAuthor. |
|
| 245 | 1 | 0 |
_aInstructor’s Manual Supplement for Criminal Justice / _cby James A. Inciardi. |
| 264 |
_aOrlando : _bAcademic Press, _c1985. |
||
| 300 |
_a 38 pages; _c24 cm |
||
| 336 |
_2rda content _atext |
||
| 337 |
_2rda media _aComputer |
||
| 338 |
_2rda carrier _aOnline Resource |
||
| 504 | _aIncludes bibliographical references and index. | ||
| 546 | _aText in English | ||
| 650 | 1 |
_aCriminal justice — United States — Study and teaching _2qrmak |
|
| 651 | 1 | _2qrmak | |
| 856 | 4 | 0 | _uhttps://fll.law.cu.edu.eg/fulltext/bks/ B10-09274.pdf |
| 905 | _a74 | ||
| 942 |
_2ddc _n0 _cBK _e21 |
||
| 999 |
_c71666 _d71666 |
||